Poorest Countries (A-Z) Quiz Stats

Quiz Updated Oct 26, 2017

Challenge
Share
Tweet
Embed
Score 0/24 Timer 04:00
2 Plays Today
Letter Country % Correct
ZZimbabwe
85.8%
YYemen
83.1%
QQatar
78.6%
OOman
76.8%
UUganda
69.6%
RRwanda
69.2%
HHaiti
67.1%
EEritrea
66.7%
NNiger
64.8%
KKiribati
61.1%
IIndia
59.7%
DDemocratic Republic of the Congo
58.6%
Letter Country % Correct
GGuinea
56%
SSomalia
55%
LLiberia
54.8%
FFiji
52.3%
BBurundi
50.6%
VVanuatu
50.2%
JJamaica
49.6%
CCentral African Republic
47.1%
AAfghanistan
46.8%
MMalawi
46.6%
TTogo
46.2%
PPalestine
34.8%

You're not logged in!

Compare scores with friends on all Sporcle quizzes.
Join for Free
OR
Log In

You Might Also Like...

Show Comments

Extras

Top Quizzes Today


Score Distribution

Your Account Isn't Verified!

In order to create a playlist on Sporcle, you need to verify the email address you used during registration. Go to your Sporcle Settings to finish the process.

Report this User

Report this user for behavior that violates our Community Guidelines.

Details: